| 000 | 00485nam a2200169Ia 4500 | ||
|---|---|---|---|
| 999 |
_c26682 _d26682 |
||
| 003 | OSt | ||
| 005 | 20201202134301.0 | ||
| 008 | 190216s9999||||xx |||||||||||||| ||und|| | ||
| 040 | _coclc | ||
| 082 |
_a894.8123 _bBAB/M |
||
| 100 |
_aBabu, Satheesh _97141 |
||
| 245 | 0 |
_aMannu / _cSatheesh Babu |
|
| 260 |
_bSahithya Pravarthaka Sahakarana Sangam, _c1980. _aKottayam: |
||
| 300 | _a81p | ||
| 650 | _aNadakam | ||
| 942 |
_cBK _2ddc _h894.8123 _iBAB/S _k894.8123 _mBAB/S |
||